| 000 | 00685nam a2200229 a 4500 | ||
|---|---|---|---|
| 999 |
_c4859 _d4859 |
||
| 001 | 4859 | ||
| 003 | BD-JhCC | ||
| 005 | 20181118134015.0 | ||
| 008 | 171204s2007 bg ||||| |||| 00| 0 b d | ||
| 020 | _a9844102707 | ||
| 035 | _a(BD-JhCC) | ||
| 040 |
_aBD-JhCC _dBD-JhCC |
||
| 041 | _aben | ||
| 082 |
_a190 _bISL 2007 |
||
| 100 | _aইসলাম, আমিনুল | ||
| 245 |
_aসমকালীন পাশ্চাত্য দর্শন / _cআমিনুল ইসলাম |
||
| 260 |
_aঢাকা : _bমাওলা ব্রাদার্স, _c২০০৭ |
||
| 300 |
_a368 p. : _c22cm. |
||
| 650 | _aPhilosoply | ||
| 942 |
_2ddc _cBK _01 |
||